[Event "Budapest Spring op"]
[Site "Budapest"]
[Date "2016.03.24"]
[Round "6"]
[White "Almutairi, Nawaf"]
[Black "Almutairi, Mohammad Fhaid"]
[Result "1/2-1/2"]
[WhiteElo "1346"]
[BlackElo "1420"]
[PlyCount "32"]
[EventDate "2016.03.18"]
[EventType "swiss"]
[EventRounds "9"]
[EventCountry "HUN"]
[SourceTitle "CBM 171 Extra"]
[Source "ChessBase"]
[SourceDate "2016.04.26"]
[SourceVersion "1"]
[SourceVersionDate "2016.04.26"]
[SourceQuality "1"]

1. e4 e5 2. Nf3 Nc6 3. Bc4 h6 4. c3 Nf6 5. d4 Nxe4 6. dxe5 Bc5 7. Qd5 Ng5 8. Nxg5 hxg5 9. Qxc5 Qe7 10. Qxe7+ Nxe7 11. 0-0 Nc6 12. Bxg5 Nxe5 13. Re1 f6 14. Bd2 d6 15. f4 Bd7 16. fxe5 dxe5 1/2-1/2